000 00357nam a2200133Ia 4500
008 151001s9999||||xx |||||||||||||| ||und||
100 _aग दि माडगुळकर
245 _aथोरली पाती
250 _a1
260 _bललित साहित्य प्रकाशन
260 _c1963
300 _a304
365 _b7
999 _c953321
_d953318